000 004390000a22001210004500
008 230817t ||||| |||| 00| 0 eng d
082 _a370.954
_bEDU
245 _aEducation and Training in Sri Lanka: (An Asian Development Bank Sponsored Project)
_bAnnexures (Vital Selected Statistics):
_nVol. 4
260 _bEducational Consultants India Limited
_aIndia (New Delhi)
_c1989
300 _a211 p.
650 _aEDUCATION-Sri Lanka
942 _cRP
999 _c1802
_d1802